Регионална библиотека "Любен Каравелов" - Русе

Излет в планината (Запис номер 377404)

MARC детайли
000 -Лидер
Лидер 01901nam a2200421 c 4500
003 - Код на организацията, давaща контролен номер
Код на организацията, даваща контролен номер BLK
005 - Дата и час на последна редакция
Дата и час на последна редакция 20250718180515.0
008 - Елементи от данни с фиксирана дължина
Елементи с фиксирана дължина 180411b bul|||||r ||||||| ||bul||
010 ## - Наследен системен номер
LC control number KNG00176241000
020 ## - Международен стандартен номер на книга ISBN
ISBN 9786191995196
020 ## - Международен стандартен номер на книга ISBN
ISBN 3800083827085
040 ## - Източник на каталожния запис
Код на библиотеката BLK
041 ## - Код за език
Език Български
Език за КДБФ Български
080 ## - УДК
УДК текст Пешеходен туризъм. Туристически походи
УДК код 796.51
УДК – код + определител 796.51
100 1# - Редна дума - Автор
R(LIN) 67544
Автор Ерне, Андреа
Години, свързани с автора 1958 -
Биография на автора Немска писателка, автор на детска литература
245 10 - Сведения за заглавието
Заглавие Излет в планината
Подзаглавни данни Енциклопедия за най-малките : 2 - 4 години : с повдигащи се капачета на всяка страница
Авторска отговорност текст Андреа Ерне ; ил. Ане Еберт ; прев. Розалина Палазова
257 ## - Страна на издаване
Страна на създаване/издаване Германия
260 ## - Област на издателските данни
Място на издаване София
Име на издателя Фют
Година на издаване 2020
Печатница Италия
300 ## - Физическа характеристика
Брой страници 14 с.
Илюстрации с цв. ил.
Размер 20 х 18 см
380 ## - Жанр
Жанр Детска отраслова лит.
490 ## - СЕРИИ (Колекции)
Серия Поредица Защо? Какво? Как?
Номер в серията 28
9 (RLIN) 208015
500 ## - Общи забележки
Обща забележка Кор. загл. - Ориг. загл. Wieso? Weshalb? Warum? Der Flughafen / Text Andrea Erne. - Кн. отпеч. на ламиниран картон.
650 #7 - Допълнително описание по предмет – тема
Предметна рубрика Туризъм
9 (RLIN) 174203
650 #4 - Допълнително описание по предмет – тема
Предметна рубрика Енциклопедии, детски
9 (RLIN) 154962
653 ## - Ключова дума – ненормативна
Ключови думи енциклопедии
653 #7 - Ключова дума – ненормативна
Ключови думи планини
9 (RLIN) 193844
653 ## - Ключова дума – ненормативна
Ключови думи литература за деца
653 ## - Ключова дума – ненормативна
Ключови думи детска литература
700 1# - Други автори (авторска отговорност)
Друг автор Ерне, Андреа
9 (RLIN) 67544
700 1# - Други автори (авторска отговорност)
Друг автор Палазова, Розалина Борилова
9 (RLIN) 105705
700 1# - Други автори (авторска отговорност)
Друг автор Еберт, Ане
9 (RLIN) 66443
852 ## - Местоположение
Сигнатура (форматна) Цб 303864
856 4# - Електронен адрес и достъп
Електронен формат pdf - файл
856 4# - Електронен адрес и достъп
Електронен формат pdf - файл
942 ## - АРТИКУЛИ
Вид на библиотечния документ Книги
Скрит в OPAC Не
Koha issues (borrowed), all copies 147
Периодичен библиозапис Да
944 ## - СЪЗДАВАНЕ И РЕДАКЦИЯ на ЗАПИСА
Създаване/Редакция Редакция
Дата на регистрацията/редакция 2025-07-08
Номер на служител Анна Гръцманова
Служител, извършил регистрацията/редакцията 30564
999 ## - СИСТЕМНИ КОНТРОЛНИ НОМЕРА
Koha biblionumber 377404
Koha biblioitemnumber 377404
Наличности
Код за отписване Код за изгубен артикул Източник на класификационната схема Код за повреда Коз за рестрикции Код за отдаване Артикулен № Име на библиотеката - собственик Име на библиотеката, в която се намира в момента Статус (Текущо местоположение) Дата на вписване в системата Местоположение - отдел Цена в лева Систематично азбучна сигнатура Баркод Цена в евро Служебен тип на артикула Инвентарен номер
  Не е изгубен Universal Decimal Classification Не е повреден без рестрикции заемане за дома 786637 Регионална библиотека "Любен Каравелов" Русе Регионална библиотека "Любен Каравелов" Русе Детски отдел 2020-07-28 Детски отдел 8.17 796/799/И 41 120000845623 4.18 Книги  
  Не е изгубен Universal Decimal Classification Не е повреден без рестрикции заемане за дома 786638 Регионална библиотека "Любен Каравелов" Русе Регионална библиотека "Любен Каравелов" Русе Детски отдел 2020-07-28 Детски отдел 8.17 796/799/И 41 120000845619 4.18 Книги  
  Не е изгубен Universal Decimal Classification Не е повреден без рестрикции заемане за дома 786639 Регионална библиотека "Любен Каравелов" Русе Регионална библиотека "Любен Каравелов" Русе Детски отдел 2020-07-28 Детски отдел 8.17 796/799/И 41 120000845622 4.18 Книги  
  Не е изгубен Universal Decimal Classification Не е повреден без рестрикции заемане за дома 786640 Регионална библиотека "Любен Каравелов" Русе Регионална библиотека "Любен Каравелов" Русе Детски отдел 2020-07-28 Детски отдел 8.17 796/799/И 41 120000845621 4.18 Книги  
  Не е изгубен Universal Decimal Classification Не е повреден без рестрикции заемане за дома 786641 Регионална библиотека "Любен Каравелов" Русе Регионална библиотека "Любен Каравелов" Русе Детски отдел 2020-07-28 Детски отдел 8.17 796/799/И 41 120000845620 4.18 Книги  
  Не е изгубен Universal Decimal Classification Не е повреден   ползва се в читалня 802703 Регионална библиотека "Любен Каравелов" Русе Регионална библиотека "Любен Каравелов" Русе Хранилище 2020-10-06 Хранилище 10.90 Цб 303864 120000848658 5.57 Книги 848658
  Не е изгубен Universal Decimal Classification Не е повреден без рестрикции заемане за дома 862118 Регионална библиотека "Любен Каравелов" Русе Регионална библиотека "Любен Каравелов" Русе Детски отдел 2021-11-16 Детски отдел 8.18 796/797/Е 82 А 120000862527 4.18 Книги  
  Не е изгубен Universal Decimal Classification Не е повреден без рестрикции заемане за дома 862119 Регионална библиотека "Любен Каравелов" Русе Регионална библиотека "Любен Каравелов" Русе Детски отдел 2021-11-16 Детски отдел 8.18 796/797/Е 82 А 120000862526 4.18 Книги  
Vip Innovations Ltd, Rousse, Bulgaria 2025